00806nam a2200205 a 450000100100000000500170001000800410002704000250006808200170009310000300011024500680014026000340020830000210024249000700026349000300033383000680036383000370043195201150046899900170058300004426820201002045245.0140612s2007 dr 000 0 spa d aDO-SdBNPbspacBNPHU axxxxxbxxxxx1 aAlmonte, Francisco92430410aIntimismo en la poética de León David /cFrancisco Almonte. aSanto Domingo :bUASD,c2007. a126 p. ;c23 cm.1 aPublicaciones de la Universidad Aútonoma de Santo Domingov13301 aLiteratura y sociedadv69 0aPublicaciones de la Universidad de Santo Dominingon1330972269 0aLiteratura y sociedadn69972270 0010718PDaPDbPDcHDd2014-06-12iLF1l0oxxxxx xxxxxp44268-10r2020-06-25w2020-06-25yLFPDZNo se presta c43757d43757